01152nam a2200349Ic 450000100060000000300100000600500170001600700030003300800410003602000180007704000350009504100080013008400060013810000390014424500930018325000200027626400360029630000180033233600270035033700330037733800280041049000170043858600400045565000480049565000520054365000530059565000370064865000480068570000370073394200150077099900170078558446CO-BoRNBP20250822200720.0ta170503s2008 s g 000 f s  a9788434811638 aCO-BoRNBPbspaerdacCO-BoRNBP aspa aN aGripe, María,d1923-eaut94076614aLos escarabajos vuelan al atardecer /cMaría Gripe ; traducción Marta Ruiz Corbella. a49 a. edición 1aMadird, España :bS. M,c2008 a227 páginas atextobtxt2rdacontent asin mediaciónbn2rdamedia avolumenbnc2rdacarrier0 aGran angular aPremio hans chistian andersen, 197407aArqueología en la literatura2lemb96323304aLiteratura juvenil suecaySiglo XX2LEMB96323407aLugares encantados en la literatura2lemb96323507aMisterio en la literatuara2lemb04aNovela juvenil suecaySiglo XX2LEMB963236 aRuiz Corbella, Martaetrl963237 2loccBKLIT c58446d58446